00985cam a2200241 a 450000100100000000500170001000800410002704000300006808200170009810000440011524500820015926000620024130000210030350400570032465000410038165000330042265100670045565000410052291000330056304900090059695201210060599900170072600001914920200929165932.0750612s1964 sp b 000 0 spa  aDO-SdBNPbspadDLCdBNPHU a978.9bP514e1 aPeñuelas, Marcelino C.,d1916-94120913aLo español en el suroeste de los Estados Unidos /cMarcelino C. Peñuelas. aMadrid, España :bEdiciones Cultura Hispánica,c1964. a295 p. ;c21 cm. aIncluye referencias bibliográficas : p. [287]-295. 4aEspañoles en nuevo méxico941210 4aEspañoleszSuroeste941211 4aEstados UnidosxCivilizaciónxInfluencias Españolas941212 4aEspañoles en estados unidos941213 aCatalogación derivada / LC aBNGR 001054708MOaGRbGRcCTd2010-05-27iLF1l0o978.9 P514ep19149-10r2020-06-25w2020-06-25y4ZPréstamo en sala c18667d18667